000 00433nam a2200181Ia 4500
001 8321
005 20260306160600.0
008 260306t2016||||xx |||||||||||||| ||spa||
041 _aESP
082 _a370.155
_bA75
100 _aArnaiz Sánchez, Pilar
_eAUT
245 0 _aIntroducción a la psicomotricidad
260 _c2016
300 _a193 páginas :
_c23 cm.
650 _aGEN
654 _aCED
942 _cLIB
_dJUS
_fJUS
_2ddc
_n
999 _c8321
_d8321